Malenga wa Ziwakuu : (Record no. 3045)
[ view plain ]
| 000 -LEADER | |
|---|---|
| fixed length control field | 00543nam a2200169 4500 |
| 003 - CONTROL NUMBER IDENTIFIER | |
| control field | OSt |
| 005 - DATE AND TIME OF LATEST TRANSACTION | |
| control field | 20210209120359.0 |
| 008 - FIXED-LENGTH DATA ELEMENTS--GENERAL INFORMATION | |
| fixed length control field | 210209b ||||| |||| 00| 0 eng d |
| 020 ## - INTERNATIONAL STANDARD BOOK NUMBER | |
| International Standard Book Number | 9966463690 |
| 040 ## - CATALOGING SOURCE | |
| Original cataloging agency | KABLIB |
| Transcribing agency | KABLIB |
| Modifying agency | KABLIB |
| 082 ## - DEWEY DECIMAL CLASSIFICATION NUMBER | |
| Edition number | 23 |
| Classification number | 496 |
| Item number | WAL |
| 100 ## - MAIN ENTRY--PERSONAL NAME | |
| Personal name | Wallah, Wallah Bin. |
| 9 (RLIN) | 6955 |
| 245 ## - TITLE STATEMENT | |
| Title | Malenga wa Ziwakuu : |
| Remainder of title | maswali na istilahi za kifasihi / |
| Statement of responsibility, etc. | Wallah Bin Wallah. |
| 260 ## - PUBLICATION, DISTRIBUTION, ETC. | |
| Place of publication, distribution, etc. | Nairobi; Kampala; Dar es Salaam : |
| Name of publisher, distributor, etc. | East African Educational Publishers, |
| Date of publication, distribution, etc. | c2008. |
| 300 ## - PHYSICAL DESCRIPTION | |
| Extent | xxxi, 171 p. ; |
| Dimensions | 21 cm. |
| 942 ## - ADDED ENTRY ELEMENTS (KOHA) | |
| Source of classification or shelving scheme | Dewey Decimal Classification |
| Koha item type | Book |
No items available.